00686nam a22001812a 450000100060000000300080000600500170001400800410003103500190007204000320009104100080012308200240013110000480015524501880020326000440039130000360043570000330047128126BD-RjUL20211209051236.0140329s1947 ii f 000 0 eng d a(BD-RjUL)28207 aCLEcCLEdOCLdBD-RjULbeng aeng a954.0237bPOS 19471 aPolier,q(Antoine-Louis-Henri),d1741-1795.10aShah Alam II and his court :ba narrative of the transactions at the court of Delhy from the year 1771 to the present time /ced. with introd., notes and appendices by Pratul C. Gupta aCalcutta :bS.C. Sarkar and sons,c1947 avi, 116 p. :bplates ;c20 cm.1 aGupta, Pratulacandra,d1910-